Groupes de 7 - #02 - Statistiques

Statistiques générales
  • Ce quiz a été pris 97 fois
  • Le résultat moyen est 26 sur 49
Statistiques - réponses
Groupes Réponses % Correct
Les notes de musiques Fa
100%
Les notes de musiques La
100%
Les notes de musiques Mi
100%
Les notes de musiques
100%
Les notes de musiques Si
100%
Les notes de musiques Do
99%
Les notes de musiques Sol
99%
Les continents Afrique
92%
Les continents Amérique du Sud
92%
Les continents Asie
92%
Les continents Europe
92%
Les continents Amérique du Nord
91%
Les continents Océanie
91%
Les continents Antarctique
78%
Les Sept Merveilles du monde Les pyramides de Gizeh en Égypte
78%
Les Sept Merveilles du monde Les jardins suspendus de Babylone
65%
Les Sept Merveilles du monde Le colosse de Rhodes
63%
Les Sept Merveilles du monde Le phare d'Alexandrie
60%
Les Sept Merveilles du monde moderne La grande Muraille de Chine
59%
Les épreuves de l'heptathlon féminin Lancer de javelot
57%
Les Sept Merveilles du monde moderne Le Taj Mahal en Inde
56%
Les épreuves de l'heptathlon féminin Saut en hauteur
55%
Les épreuves de l'heptathlon masculin Saut en hauteur
55%
Les Sept Merveilles du monde La statue de Zeus à Olympie
53%
Les épreuves de l'heptathlon féminin Saut en longueur
53%
Les épreuves de l'heptathlon masculin Saut en longueur
53%
Les épreuves de l'heptathlon féminin Lancer de poids
50%
Les épreuves de l'heptathlon masculin Lancer de poids
50%
Les Sept Merveilles du monde moderne Le Machu Picchu au Pérou
50%
Les Sept Merveilles du monde Le temple d'Artémis à Éphèse
49%
Les Sept Merveilles du monde moderne Le Colisée en Italie
48%
Les épreuves de l'heptathlon féminin 200 mètres
43%
Les épreuves de l'heptathlon masculin Saut à la perche
40%
Les Sept Merveilles du monde moderne Le Christ Rédempteur au Brésil
38%
Les Sept Merveilles du monde Le mausolée d'Halicarnasse
38%
Les épreuves de l'heptathlon féminin 800 mètres
31%
Les Sept Merveilles du monde moderne Pétra en Jordanie
30%
Les épreuves de l'heptathlon masculin 1000 mètres
27%
Les épreuves de l'heptathlon féminin 100 mètres haies
24%
Les collines de Rome Palatin
23%
Les Sept Merveilles du monde moderne Chichén Itzá au Mexique
22%
Les collines de Rome Aventin
9%
Les collines de Rome Capitole
9%
Les collines de Rome Quirinal
7%
Les épreuves de l'heptathlon masculin 60 mètres haies
6%
Les collines de Rome Viminal
6%
Les épreuves de l'heptathlon masculin 60 mètres
5%
Les collines de Rome Cœlius
5%
Les collines de Rome Esquilin
3%
Aucun quiz correspondant
Distribution des résultats
% des personnes avec chaque résultat
Percentile par nombre de réponses
Votre historique - résultats
Vous n’avez pas pris ce quiz